Nuclear Weapon Countries - Sudden Death - Statistics

General Stats
  • This quiz has been taken 111 times
  • The average score is 7 of 15
Answers on the Grid
Answers color-coded by a green-red scale on the quiz's grid according to % correct below.
Australia
Belarus
Belgium
Brazil
Canada
China
Czech Republic
France
Germany
Hungary
India
Iran
Israel
Italy
Japan
Mexico
Netherlands
North Korea
Norway
Pakistan
Poland
Russia
Saudi Arabia
South Africa
South Korea
Spain
Turkey
Ukraine
United Kingdom
USA
 
Answer Stats
Answer % Correct
USA
73%
China
71%
Russia
71%
France
68%
Israel
64%
India
63%
North Korea
61%
United Kingdom
61%
Pakistan
54%
Germany
27%
Turkey
16%
Italy
9%
Belarus
5%
Belgium
5%
Netherlands
5%
No matching quizzes found
Score Distribution
Percent of People with Each Score
Percentile by Number Answered
Your Score History
You have not taken this quiz